Responses for show #4520 - Friday, April 9, 2004

Scott Renzoni game 2.

Contestants

[<< previous game]

Michael Memberg, a bankruptcy clerk at a law firm from Chamblee, Georgia

Deborah White, a marketing manager from Woodstock, Georgia

Scott Renzoni, a bartender and actor from Burlington, Vermont (whose 1-day cash winnings total $28,398)

[next game >>]

Jeopardy! Round responses

LITERARY EUROPE
FOOD FRANCHISE HISTORY
WHAT AILS YOU?
PENCIL, PEN OR SWORD
2-LETTER ABBREV.
(Alex: And you must respond with the abbreviation, not the full word.)
(Alex: And finally, a tribute to our announcer...)
JOHNNY GILBERT, THIS IS YOUR LIFE
    $200 1
Moscow

Deborah
    $200 6
Burger King

Renzo
    $200 26
the appendix

Renzo
    $200 11
sword

Renzo
    $200 17
G.I.

Renzo
    $200 16
Virginia

Deborah
    $400 2
Ernest Hemingway

Renzo
    $400 7
Quizno's

Michael
    $400 27
thyroid

Michael
    $400 12
the pen

Renzo
    $400 18
PC

Deborah
    $400 22
The Price Is Right

Michael
    $600 3
(Deborah: What is Vienna?)

Stockholm

Deborah
Triple Stumper
    $600 8
Pizza Hut

Renzo
    $600 30
sciatica

Deborah
    $600 13
pencil

Michael
    $600 19
AV

Renzo
    $600 23
Gidget

Renzo
    $800 4
Mark Twain

Renzo
    $800 9
Dairy Queen

Michael
    $800 29
rheumatoid arthritis

Michael
    $800 14
sword

Michael
    $800 20
IV

Renzo
    $800 24
Beverly Hills, 90210

Renzo
    $1000 5
Jane Austen

Renzo
    $1000 10
(Deborah: What is Big Boy?)

Sonic

RenzoDeborah
    $1000 28
Munchausen by proxy syndrome

Michael
    $1000 15
(Michael: What is pen?)

pencil

RenzoMichael
    $5,000 21
AP

Renzo
    $1000 25
Phil Donahue

Triple Stumper

Scores at the first commercial break (after clue 15):

Renzo Deborah Michael
$5,600 -$1,400 $1,600

Scores at the end of the Jeopardy! Round:

Renzo Deborah Michael
$13,800 -$200 $4,200

Double Jeopardy! Round responses

SALLY
RABBI
TREKS
"R"
FOUR
KIDS
    $400 16
Sally Struthers

Deborah
    $400 21
China

Renzo
    $400 26
the Sahara Desert

Renzo
    $400 11
robot

Michael
    $400 6
The Four Tops or The Four Seasons

Renzo
    $400 1
child's seat

Michael
    $800 17
The Dick Van Dyke Show

Deborah
    $800 22
(Michael: What is Halacha?)
(Renzo: What is Kabbalah?)

the Talmud

RenzoMichael
Triple Stumper
    $800 27
Wales

Renzo
    $800 12
rabble

Deborah
    $800 7
the Four Freedoms

Renzo
    $800 2
(Renzo: What is stop breathing?)

hold its breath

Renzo
    $1200 18
Sally Jessy Raphael

Renzo
    $1200 23
the League of Nations

Renzo
    $1200 28
(Michael: What is Nepal?)
(Deborah: What is Pakistan?)
[The end-of-round signal sounds.]

Bangladesh

DeborahMichael
Triple Stumper
    $1200 13
ready-to-wear

Renzo
    $1200 8
(Michael: What are nucleotides?)
...
(Alex: I can't think of a sport that has four nucleotides!)

bases

Michael
Triple Stumper
    $1200 3
Boston

Michael
    $1600 19
(Michael: Who is Sally Field?)

Sally Kellerman

DeborahMichael
    $2,500 24
(Renzo: I haven't the first clue!)
...
(Alex: We have less than a minute now.)

Marc Chagall

Renzo
    $1600 14
rivets

Renzo
    $1600 9
Georges Clemenceau

Triple Stumper
    $1600 4
adoptions

Michael
    $2000 20
McMillan & Wife

Deborah
    $2000 25
Maimonides

Michael
    $2000 15
relatives

Deborah
    $2000 10
Madeleine L'Engle

Renzo
    $2000 5
bonding

Deborah

Scores at the end of the Double Jeopardy! Round:

Renzo Deborah Michael
$21,300 $8,200 $5,000
(lock game)

[wagering suggestions for these scores]

Final Jeopardy! Round responses

BRITISH ROYALTY
(Alex: Michael, there were two Edwards in the 20th century: Edward VII & [*]; you were not specific enough, so it will cost you.)
...
(Alex: [*]--the king who abdicated for the love of Wallis Warfield Simpson.)
MichaelWho was Edward
$3,269
DeborahWho was George II
$7,200
RenzoWho is Edward VIII?
$4,000
Edward VIII

Final scores:

Renzo Deborah Michael
$25,300 $1,000 $1,731
2-day champion: $53,698 3rd place: $1,000 2nd place: $2,000

Game dynamics:

Coryat scores:

Renzo Deborah Michael
$19,800 $8,200 $5,000
27 R
(including 1 DD),
2 W
(including 1 DD)
11 R,
3 W
13 R,
5 W

Combined Coryat: $33,000

The J! Archive is created by fans, for fans. The Jeopardy! game show and all elements thereof, including but not limited to copyright and trademark thereto, are the property of Jeopardy Productions, Inc. and are protected under law. This website is not affiliated with, sponsored by, or operated by Jeopardy Productions, Inc. Join the discussion at JBoard.tv.